Singer by songs #2 - Statistics

General Stats
  • This quiz has been taken 39 times
  • The average score is 10 of 15
Answer Stats
Hint Answer % Correct
Whenever, Wherever, Waka Waka, Hips Don't Lie Shakira
100%
Chandelier, Cheap Thrills, The Greatest Sia
95%
Yellow, The Scientist, Fix You Coldplay
87%
Halo, If I Were A Boy, Cuff It Beyonce
85%
What Do You Mean?, Peaches, Boyfriend Justin Bieber
85%
What Makes You Beautiful, Story Of My Life, Night Changes One Direction
74%
The A Team, Photograph, Galway Girl Ed Sheeran
72%
Love Story, Mine, 22 Taylor Swift
69%
Love Me Like You Do, Your Song, Miracle Ellie Goulding
62%
Bam Bam, Havana, Señorita Camilla Cabello
59%
Break Free, Focus, no tears left to cry Ariana Grande
56%
Take A Bow, Only Girl, Lift Me Up Rihanna
54%
Physical, Break My Heart, One Kiss Dua Lipa
51%
Take You Dancing, Ridin Solo, Wiggle Jason Derulo
51%
Poison, R.I.P., Your Song Rita Ora
18%
No matching quizzes found
Score Distribution
Percent of People with Each Score
Percentile by Number Answered
Your Score History
You have not taken this quiz